000 03487cam a22007694i 4500
003 PE-LiUPU
005 20250731170458.0
008 140608s2012 mx a rb 001 0 spa d
020 _a607448158X
020 _a9786074481587
035 _a(Sirsi) i9786074481587
040 _aPUCPR
_bspa
_cPUCPR
_dCANCX
_dPE-LiUPU
_erda
041 1 _aspa
_heng
049 _aPRUA
050 4 _aBF 432.5.W42
_bF61 2012
082 0 4 _a155.41393
_bF61
_221
100 1 _aFlanagan, Dawn P.,
_eautor.
245 1 0 _aClaves para la evaluación con WISC-IV /
_cDawn P. Flanagan, Alan S. Kaufman ; traducción Miroslava Guerra Frías ; revisión técnica Cristina Heredia Ancona [y otros dos].
250 _a2a edición en español de la segunda en inglés.
264 1 _aMéxico :
_bEl Manual Moderno,
_c2012.
300 _a357 páginas :
_bilustraciones ;
_c23 centímetros
336 _atext
_2rdacontent
337 _aunmediated
_2rdamedia
338 _avolume
_2rdacarrier
504 _aIncluye referencias, bibliografía e índice : páginas 327-356.
505 0 _aAgradecimientos a la edición en inglés - Autores -- Colaboradores -- Introducción y panorama general -- Cómo administrar el WISC-IV -- Cómo calificar el WISC-IV -- Cómo interpretar el WISC-IV -- Fortalezas y debilidades del WISC-IV.
526 _aSEG68
526 _aSEG70
526 _aSEG69
526 _aSEG67
526 _aSEG43
526 _aP144
526 _aP143
526 _aP131
526 _aP122
526 _aP120
526 _aP117
526 _aP112
526 _aP110
526 _aP106
526 _aP101
526 _aP80
526 _aP59
526 _aP54
526 _aP35
526 _aP33
526 _aP30
534 _pTítulo original :
_tEssentials of WISC-IV assessment, 2nd edition.
541 _g0010039192;
650 1 4 _aEscala de inteligencia Wechsler para niños.
650 1 4 _aPruebas de inteligencia.
700 1 _aGuerra Frías, Miroslava,
_etraductor.
700 1 _aHeredia Ancona, Cristina,
_erevisor técnico.
700 1 _aKaufman, Alan S.,
_eautor.
910 _acce
_bjvq
_ccce
_d20150616
910 _ajck
_cng
942 _2ddc
_cBOOK
949 _a155.41393 F61 2012
_wDEWEY
_c1
_iFJ00022
_lCCODEBUJ1
_mBUJ
_p42.20
_r0
_sY
_tBOOK
_u2015-6-16
_xSALUD
_PP33
_0COMPRA
_o.STAFF. Colección General
949 _a155.41393 F61
_wDEWEY
_c1
_i70278
_d2016-9-6
_e2016-9-1
_lCCODEBUL1
_mBUL
_n1
_p48.00
_r0
_sY
_tBOOK
_u2014-6-8
_xSALUD
_PP33
_0COMPRA
_o.STAFF. Colección General
949 _a155.41393 F61
_wDEWEY
_c2
_i70287
_d2016-9-7
_e2016-9-4
_lCCODEBUL1
_mBUL
_n3
_p48.00
_r0
_sY
_tBOOK
_u2014-6-8
_xSALUD
_PP33
_0COMPRA
_o.STAFF. Colección General
994 _aC0
_bPEPRU
596 _a1 3
999 _a155.41393 F61
_wDEWEY
_c56299
_i70278
_d56299
_e2018-10-5
_f2021-11-3
_g5
_lCCODEBUL1
_mBUL
_n2
_p48.00
_q3
_r0
_sY
_tBOOK
_u2014-6-8
_xSALUD
_PP33
_0COMPRA
_o.STAFF. Colección Ciencias de la Salud
999 _a155.41393 F61
_wDEWEY
_c2
_i70287
_d2018-11-9
_e2018-11-4
_f2021-11-3
_g5
_lCCODEBUL1
_mBUL
_n6
_p48.00
_r0
_sY
_tBOOK
_u2014-6-8
_xSALUD
_PP33
_0COMPRA
_o.STAFF. Colección Ciencias de la Salud
999 _a155.41393 F61 2012
_wDEWEY
_c1
_iFJ00022
_d2019-9-24
_e2019-9-16
_f2022-1-17
_g4
_lCCODEBUJ1
_mBUJ
_n3
_p42.20
_q4
_r0
_sY
_tBOOK
_u2015-6-16
_xSALUD
_PP33
_0COMPRA
_o.STAFF. Colección General Juliaca
980 _81
_gALBERTO SANCHEZ Responsable de Automatización